000 00350nam a2200157Ia 4500
100 _aAlavala/Chennakesava R
650 _aNetworks
942 _cBK
366 _f17.5
654 _afuzzy
245 _aFuzzy logic and neural networks
260 _bNew Age Int (P) Ltd
_aNew Delhi
_c2008
082 _bALA
300 _a257
546 _aENGLISH
999 _c31504
_d31504